1903 1063 1121 1425 1345 1167 1792 1673 1303 1892 1670 1449 1000 1761 1226 1226 1953 1430 1326 1569 1744 1727 1968 1592 1364 1655 1025 1563 1671 1211 1401 1026 1728 1428 1311 1725 1733 1591 1851 1972 1666 1248 1731 1717 1133 1299 1365 1889 1782 1146 1314 1148 1322 1748 1922 1387 1346 1278 1445 1478 1922 1113 1103 1379 1319 1978 1396 1682 1866 1891 1149 1375 1912 1573 1647 1936 1829 1856 1051 1816 1761 1005 1921 1874 1117 1573 1041 1763 1600 1310 1386 1817 1296 1146 1908 1719 1756 1825 1411 BCNSPRNW ULIB Ver.6.0+V

เปลี่ยนเป็นภาษาไทย

Change to English
 แสดงรายละเอียดบรรณานุกรม
  กลับหน้าหลัก

Brief Record : Get Marc (ISO 2709) : E-mail record : QR code < ปิดหน้าต่าง
LEADER : 00000nam 2200000uu 4500
001    13399113533
003     ULIB
008    111124s2552||||th 000 0 tha d
020    ^a9786167205120
090    ^aนว.^bณ260ป 2552
100 0  ^aณศิกมล
245 00 ^aบ้านไร่นี้มีรัก/^cณศิกมล
250    ^aพิมพ์ครั้งที่ 1
260    ^aกรุงเทพฯ :^bInk,^c2552
300    ^a304 หน้า
710 1  ^aInk
945    ^p228^l0^i16314
995    ^aกัณชพร
999    ^aใช้งานได้ทุกระบบ
รายการนี้ยังไม่มีแท็ก
คุณยังไม่ได้ล็อกอิน คุณสามารถมีกิจกรรมร่วมกับเว็บไซต์ได้ แต่ต้องล็อกอินก่อน ::
  ล็อกอิน

รายการสื่อสารสนเทศ

ลำดับที่ ประเภท เลขเรียก/บาร์โค้ด สถานที่ สถานะ
1. นวนิยาย
นวนิยาย
นว. ณ260ป 2552  
  Barcode: 16314
ห้องสมุดวิทยาเขตสวรรค์ประชารักษ์
►นวนิยาย
บนชั้น
  ขอยืม

BibComment


ยังไม่เคยถูกคอมเมนท์

คอมเมนท์ทรัพยากรรายการนี้
  คอมเมนท์: บ้านไร่นี้มีรัก ..


 Copyright 2026. Bcnsprnw @Library